000 00686nam a2200241Ia 4500
003 OSt
005 20220923215819.0
006 a|||||r|||| 00| 0
007 ta
008 220922b |||||||| |||| 00| 0 hin d
024 _a181,992
037 _cTextual
040 _aARTS
_cARTS
_bhin
041 _2hin
_ahin
082 _aO152,1N40x1, N2
100 _aसोनकर, मनोज
245 0 _aचितकबरी
246 _aChitakabarī
260 _aदिल्ली
_b पराग प्रकाशन
_c1992
300 _a128 पृ.
_ccm.
942 _hO152,1N40x1, N2
_cTEXL
_2CC
999 _c335369
_d335369